[Event "Pfalz op-B 11th"]
[Site "Neustadt an der Weinstrasse"]
[Date "2020.02.23"]
[Round "5"]
[White "Koltzenburg, Nils"]
[Black "Schnepel, Thomas"]
[Result "0-1"]
[WhiteElo "1705"]
[BlackElo "1834"]
[PlyCount "94"]
[EventDate "2020.02.21"]
[EventType "swiss"]
[EventRounds "7"]
[EventCountry "GER"]
[SourceTitle "CBM 195 Extra"]
[Source "ChessBase"]
[SourceDate "2020.05.31"]
[SourceVersion "1"]
[SourceVersionDate "2020.05.31"]
[SourceQuality "1"]

1. e4 c5 2. Nf3 Nc6 3. c3 d5 4. exd5 Qxd5 5. d4 e5 6. Be3 cxd4 7. cxd4 Bg4 8. Nc3 Bb4 9. dxe5 Bxf3 10. Qxf3 Qxe5 11. Rc1 Nf6 12. Bc4 0-0 13. 0-0 Qa5 14. Nd5 Nd7 15. Nxb4 Qxb4 16. Bb3 Rac8 17. Rc4 Nde5 18. Rxb4 Nxf3+ 19. gxf3 Nxb4 20. Bxa7 Nd3 21. Be3 b5 22. Rd1 Nxb2 23. Rd5 Rb8 24. Bf4 Rb7 25. Rd4 Re8 26. Kg2 h6 27. Bc1 Nc4 28. Bxc4 bxc4 29. Rxc4 Re1 30. Rc8+ Kh7 31. Be3 Rb2 32. Bd4 Rxa2 33. Rc7 Kg6 34. f4 Re4 35. Be5 f6 36. Bd6 Ree2 37. Bc5 Rac2 38. Bb6 Rxf2+ 39. Bxf2 Rxc7 40. Kf3 Kf5 41. Bg3 Rc3+ 42. Kg2 h5 43. Kh3 Rc2 44. Kh4 g6 45. Kh3 Rc4 46. Kg2 Rxf4 47. Bxf4 Kxf4 0-1